Quizzes
Events
Quiz Creation
Community
Videos
Private Events
Remove Ads
Sign In
Join for FREE
Feedback
Dark Mode
Quiz Categories
Sports
Geography
Music
Movies
Television
Just For Fun
Miscellaneous
History
Literature
Language
Science
Gaming
Entertainment
Religion
Holiday
For Kids
Quiz Lab
Recent
Popular Today
Quiz Kudos Today
Editor Picks
Curator Picks
Quizzes by...
Day
Popularity
Type
Ratings
Length
Year
Community
Subscriptions
Recent Discussions
Orange Saloon
Badges
Playlists
Quests
Create
Leaderboards
Showdown
Live 5
Trivia Bingo
Activity
Puzzle Library
Sporcle Events
Private Events
Virtual Trivia
Globe League
Become a Host
Pub Owners
SporcleCon
Opinionation
Our Games
Videos
Blog
Mobile Apps
Partnerships
Remove Ads and Go Orange
Feedback
Entertainment
Celebrity
Famous
Musical
Broadway
Show
Quote
Comic Books
Anime
Superhero
DC Comics
Marvel
Cartoons
Animation
Entertainment
Celebrity
Famous
Musical
Broadway
Show
Quote
Comic Books
Anime
Superhero
DC Comics
Marvel
Cartoons
Animation
Random Quiz
Search Sporcle
×
Quiz Lab
Quiz Lab
Entertainment
Johnny Depp
Type in answers that appear in a list
Type in answers that appear in a list
Classic
Best Score? Go Orange.
Johnny Depp Trivia Stats
Can you name the the interesting facts of Johnny Depp??
By
Skank
20m
20 Questions
351 Plays
351 Plays
351 Plays
Comments
Comments
Give Quiz Kudos
Give Quiz Kudos
-
- Ratings
hide this ad
More Info
Replay
Link that replays current quiz
Next Quiz
Link to next quiz in quiz playlist
You Got
0%
They Got
Avg Score
35%
Avg Friend Score
Upgrade to see
Score Distribution
Jump to the score distribution portion of the page
Score
0/20
Timer
20:00
0
Plays Today
Question
Answer
% Correct
What was the first movie Depp and Burton did together?
Edward Scissorhands
77.8%
What T.V. show launched him into stardom?
21 Jump Street
70.9%
What movie did he make his film debut in?
A Nightmare on Elm Street
68.1%
What cartoon was he a guest star on in 2009?
Spongebob Squarepants
57.3%
What garage band did he play in that opened for Iggy Pop?
The Kids
49.3%
What movie did he act opposite Al Pacino?
Donnie Brasco
49.3%
Which actor persuaded him to get into acting?
Nicolas Cage
47.6%
What British band has he recorded twice with?
Oasis
43%
What was the name of the club he owned?
The Viper Room
39.3%
Where was Johnny born?
Owensboro, Kentucky
39%
Question
Answer
% Correct
What's his daughters name and his sons name?
Lily and Jack
29.6%
What movies did he do basically for free?
The Imaginarium of Doctor Parnassus
20.5%
When in between jobs, what item did he sell over the phone?
Ballpoint pens
20.2%
What soap opera was he obsessed with as a child?
Dark Shadows
19.4%
What are the names of the women he has dated?
Winona Ryder, Kate Moss, and Vanessa Paradis
18.5%
Where is the tatoo of his daughters name?
Over his heart
16.2%
Why was he arrested in 1994?
Trashed a hotel room
14.2%
What years was he People's Most Sexiest Man Alive?
2003 and 2009
11.1%
How old was he and why did he drop out of school?
15, rock musician
6%
What rule does he have for fans wanting his autograph and/
or his picture?
No pictures of his children
3.4%
Quiz Playlist
Details
Report
Send in Message
Add To Playlist
More Info:
How much do you know about Johnny Depp? Take "The Most In Depth Depp Test" to find out.
Classic:
Type in answers that appear in a list
Quiz Source
Last Updated: Feb 16, 2017
Quiz Scoreboard
CHALLENGE
Sign Up to Join the Scoreboard
Show All
Scores
Hide
Comments
May contain spoilers
Recently Published
Alphabetical 'K' Countries by Flag Minefield
by ylime102
Geography
3m
Pick 6: Fruits
by JohnFran
Miscellaneous
15s
Click the 1999 NBA Draft
by nibperrychub
Sports
2m
More to Explore
Quiz From the Vault
Featured Blog Post
15 Basketball Trivia Facts You Can Be March Mad About
hide this ad
You Might Also Like...
Tags
depp
Johnny
Johnny Depp
Today's Top Quizzes in Entertainment
Browse Entertainment
hide this ad
Today's Top Quizzes in Johnny Depp
Browse Johnny Depp
Top Contributed Quizzes in Entertainment
1
The Joker Actors by Order
2
Picture Click Blitz: Snow White
3
Marvel, Role-Playing, Shakespeare, and Cats, Oh My!
4
Heroes of Olympus Logic Puzzle
5
Double Word Hourglass: Comic Book Publishers
6
Dragon Ball Z: Goku's Fights in Order
7
Spider-Man Actors by Order
8
Comic Character by Cover Artist Pt 490 (Billy Tan)
9
Comic Character by Cover Artist Pt 491 (Billy Tan)
10
Click the Fictional Jane
Explore More
Trending Topics
Harry Potter
Kpop
NBA
Disney
Crossword
Anime
Marvel
Soccer
Puzzle
The Office
WWE
Country
Pokémon
NFL
Song
hide this ad
More By:
Skank
Quiz
Plays
Rating
Category
Featured
Created
Amanda Seyfried Movies
576
4.00
Movies
Apr 14, 2010
King Henry VIII's 6 wives
365
4.33
History
May 2, 2010
Johnny Depp Trivia
351
3.00
Entertainment
Apr 15, 2010
Kristen Stewart movies
326
5.00
Movies
Apr 16, 2010
Robert Pattinson Movies
264
1.00
Movies
May 2, 2010
Go to Creator's Profile
Score Distribution
Quiz Creator Spotlight
Skank
Follow
Send a Message
Quizzes Created
-
Created Quiz Play Count
-
More By This Creator
Popular Quizzes Today
1
Countries of Asia Without Outlines Minefield
2
Find the US States - No Outlines Minefield
3
Pick 6: Fruits
4
Alphabetical 'K' Countries by Flag Minefield
5
The Countries of the World
6
Find the US States
7
US States
8
Match the Book to the Film X
More Entertainment Quizzes
20 Cartoon Felines
Curator's Pick
Trending Quizzes
Pick 6: Mountains
Pick 6: Harry Potter
Pick 6: NFL Teams
Pick 6: Movie Franchises
Pick 6: Golfers
Recently Updated
NWSL Teams
pecheneg
Women's Final Four Teams by Year
bhenderson79
Presidents Quartet II
eogle
Anything But Clue(do)
eogle
Anything But Oceanian Capitals
eogle
Anything But 7
eogle
Anything But Thing
eogle
Word Ladder: February 29
pecheneg
Song Title Questions
pecheneg
Women's NCAA Tournament #1 Seeds
pecheneg
Trending Topics
Anime
Marvel
Disney
NBA
Kpop
Harry Potter
Crossword
Puzzle
WWE
Pokémon
NFL
Song
The Office
Country
Soccer
Your Account Isn't Verified!
In order to create a playlist on Sporcle, you need to verify the email address you used during registration. Go to your
Sporcle Settings
to finish the process.
Report this User
Report this user for behavior that violates our
Community Guidelines
.
Details:
Send Report
Go to the Sporcle.com Mobile Site →
Comments